| 000 | 00328pam a2200121a 44500 | ||
|---|---|---|---|
| 008 | 230405s2019 xxu||||| |||| 00| 0 eng d | ||
| 041 | _aENG | ||
| 100 | _aDR S.B.BHISE / M M.S. BHISE | ||
| 245 | _aBIOCHEMISTRY AND CLINICAL PATHOLOGY ( DR S.B.BHISE | ||
| 260 |
_aPUNE _bNIRALI PRAKASHAN _c2019 |
||
| 300 | _a13.8 | ||
| 906 | _a3079 | ||
| 999 |
_c268518 _d268518 |
||